Juegos y ritos: (Record no. 510)

MARC details
000 -LEADER
campo de control de longitud fija 00695nam a22001577a 4500
008 - DATOS DE LONGITUD FIJA--INFORMACIÓN GENERAL
campo de control de longitud fija 150410b xxu||||| |||| 00| 0 eng d
020 ## - NÚMERO INTERNACIONAL ESTÁNDAR DEL LIBRO
Número Internacional Estándar del Libro 9789930944394
082 ## - NÚMERO DE LA CLASIFICACIÓN DECIMAL DEWEY
Número de clasificación 707
Número de ítem Ch 512j
100 ## - ENTRADA PRINCIPAL--NOMBRE DE PERSONA
Nombre de persona Chavarria Zamora, Maria Jose
9 (RLIN) 2379
245 ## - MENCIÓN DEL TÍTULO
Título Juegos y ritos:
Resto del título Adolfo Siliezar
Mención de responsabilidad, etc. Chavarria Zamora, Maria Jose
260 ## - PUBLICACIÓN, DISTRIBUCIÓN, ETC.
Lugar de publicación, distribución, etc. San Jose, Costa Rica
Nombre del editor, distribuidor, etc. Museo de Arte y Diseño Contemporaneo MADC
Fecha de publicación, distribución, etc. 2013
300 ## - DESCRIPCIÓN FÍSICA
Extensión 40 p.
Otras características físicas ill. (col)
Dimensiones 18 cm
505 ## - NOTA DE CONTENIDO CON FORMATO
Título Entre juegos y ritos
Mención de responsabilidad Maria Jose Chavarria
Título El valor de la materia
Mención de responsabilidad Ileana Alvarado
Título Actividades educativas
Mención de responsabilidad Antonieta Sibaja Hidalgo
650 ## - PUNTO DE ACCESO ADICIONAL DE MATERIA--TÉRMINO DE MATERIA
Subdivisión general Arte-catalogos
-- Galerias privadas
-- Arte-Costa Rica
9 (RLIN) 2380
700 ## - ENTRADA AGREGADA--NOMBRE PERSONAL
Nombre de persona Maria Jose Chavarria Zamora
9 (RLIN) 2381
Holdings
Estatus retirado Estado de pérdida Fuente del sistema de clasificación o colocación Estado de daño No para préstamo Biblioteca de origen Biblioteca actual Ubicación en estantería Fecha de adquisición Total de préstamos Signatura topográfica completa Código de barras Visto por última vez Precio de reemplazo Tipo de ítem Koha
    Clasificación Decimal Dewey     Biblioteca LadoV Biblioteca LadoV   10/04/2015   707 Ch 512j 004031 10/04/2015 10/04/2015 Material 01